000 005600000a22001810004500
090 _aAR
_b00788
245 1 0 _aRole of gallery forests in the zoogeography of the cerrado's non-volant mammalian fauna
650 1 4 _aMamíferos
_992510
650 1 4 _aBosques de galería
_914610
650 1 4 _aRelación planta-animal
_992861
650 1 4 _aCerrados
_993971
651 4 _pBrasil
_992749
041 0 _aInglés
700 1 _aFonseca, Gustavo A. B., da
_993972
100 1 _aRedford, Kent H.
_912222
942 _cARTICULO
773 1 _tBiotropica
_39
_h2
_q126-135
_d1986
_g18
999 _c9878
_d9878